| 000 | 02105cad a22002535a 4500 | ||
|---|---|---|---|
| 001 | L145224 | ||
| 008 | 080917e20080912xxkado f f000 0 eng d | ||
| 035 | _a(Sirsi) u145224 | ||
| 041 | 0 | _aeng | |
| 050 | 0 | 4 | _a711.3 $2 18 |
| 110 | 2 |
_aTown and Country Planning Association _93022 |
|
| 245 | 0 | 4 |
_aThe essential role of green infrastructure _beco-towns green infrastructure worksheet _h[electronic resource] |
| 260 |
_aLondon _bTCPA _c2008 |
||
| 505 | 2 | _aThe green infrastructure principles that eco-town developers, planners and managers should adhere to -- Green infrastructure standards, targets and performance indicators -- The social and economic contribution of green infrastructure -- Putting it into practice -- Funding and long-term management of green infrastructure, upfront and continuing | |
| 505 | 2 | _aAnnexes: trees, woodlands and grasslands; explaining multi-functionality; a focus on private spaces; a check-list of potential ecosystem services and social benefits; green infrastructure in policy and practice; green infrastructure case studies; signposts to further information | |
| 520 | _aThis worksheet is intended to offer advice on the suitability of green infrastructure as being a key aspect of the development of thriving eco-towns. It is designed for planners and developers, but will also be of interest to those who will manage eco-towns, in addition to a broad range of other stakeholders. The authors suggest that a diverse range of professional expertise should be relied upon from the inception of plans for eco-towns, through to the actualisation of these projects and their future running. Offers practical guidance on the standards to be sought in the creation of eco-towns and advises on overall sustainability and funding matters. | ||
| 521 | _aAdvanced | ||
| 590 | _aKA NTK | ||
| 651 | 4 |
_aEngland and Wales _y1543- |
|
| 690 | _aPROPERTY-INFRASTRUCTURE | ||
| 690 | _aPROPERTY-PROPERTY MANAGEMENT-REGENERATION | ||
| 856 | 4 | 0 |
_uhttps://www.tcpa.org.uk/pages/sustainability-worksheets.html _zView the item free of charge online at www.tcpa.org.uk... |
| 942 | _n0 | ||
| 999 |
_c108730 _d108730 |
||